[Event "SF Lieme 1 - Bielefelder SK 1"]
[Site "NRW-Klasse, Gruppe 1 2016/201"]
[Date "2016.09.25"]
[Round "1.5"]
[White "Goeßling, Guido"]
[Black "Stork, Holger"]
[Result "0-1"]
[WhiteElo "2075"]
[BlackElo "2092"]
[PlyCount "84"]
[EventDate "2016.??.??"]
[WhiteTeam "Bielefelder SK 1"]
[BlackTeam "SF Lieme 1"]

1. e4 c5 2. Nf3 e6 3. d4 cxd4 4. Nxd4 Nc6 5. Nb5 d6 6. c4 Nf6 7. N1c3 a6 8. Na3
Be7 9. Be2 O-O 10. O-O b6 11. Be3 Bb7 12. Qb3 Ne5 13. f3 Ned7 14. Rfd1 Qc7 15.
Rac1 Rfe8 16. Rd2 d5 17. cxd5 exd5 18. Qd1 Rac8 19. Rcc2 Qb8 20. Bf2 Bd6 21. g3
b5 22. Nxd5 Nxd5 23. Rxc8 Rxc8 24. exd5 Nf6 25. Kg2 h5 26. Nc2 h4 27. Ne3 g6
28. a4 hxg3 29. hxg3 Nh5 30. Nf1 b4 31. Rd4 Bc5 32. Rc4 Bd6 33. Qd4 Rxc4 34.
Bxc4 Qc7 35. b3 Qd7 36. Qg4 Qc7 37. Bd4 Bc8 38. Qg5 Qd7 39. Qh6 Qh3+ 40. Kg1 f6
41. Qxg6+ Kf8 42. Bxf6 Bc5+ 0-1

[Event "SF Lieme 1 - Bielefelder SK 1"]
[Site "NRW-Klasse, Gruppe 1 2016/201"]
[Date "2016.09.25"]
[Round "1.6"]
[White "Niermann, Tristan"]
[Black "Klatt, Jan"]
[Result "1-0"]
[WhiteElo "2119"]
[BlackElo "2059"]
[PlyCount "47"]
[EventDate "2016.??.??"]
[WhiteTeam "SF Lieme 1"]
[BlackTeam "Bielefelder SK 1"]

1. d4 g6 2. c4 Bg7 3. Nc3 d6 4. e4 Nc6 5. Be3 e5 6. d5 Nce7 7. f3 Bh6 8. Bxh6
Nxh6 9. Qd2 Neg8 10. O-O-O f5 11. exf5 Nxf5 12. Re1 Kf8 13. Bd3 Kg7 14. f4 exf4
15. Nge2 g5 16. Bxf5 Bxf5 17. Nd4 Qf6 18. g4 Bd7 19. Ne4 Qg6 20. Nf5+ Kf7 21.
Qd4 Nf6 22. Nxg5+ Qxg5 23. h4 Qg6 24. Re7+ 1-0

[Event "SF Lieme 1 - Bielefelder SK 1"]
[Site "NRW-Klasse, Gruppe 1 2016/201"]
[Date "2016.09.25"]
[Round "1.7"]
[White "Gruettemeier, Uwe"]
[Black "Schulte, Oliver"]
[Result "1-0"]
[WhiteElo "2002"]
[BlackElo "2035"]
[Annotator "Hausrath,Daniel"]
[PlyCount "121"]
[EventDate "2016.??.??"]
[WhiteTeam "Bielefelder SK 1"]
[BlackTeam "SF Lieme 1"]

1. d4 Nf6 2. c4 e6 3. Nf3 d5 4. Bg5 Be7 5. e3 Nbd7 6. Nc3 O-O 7. Qc2 a6 8. Rd1
dxc4 9. Bxc4 b5 10. Bd3 Bb7 11. O-O h6 12. Bh4 Kh8 13. Bxf6 Nxf6 14. Ne4 Nd5
15. Nc5 Bxc5 16. Qxc5 Qd6 17. Rc1 Nb4 18. Bb1 Rac8 19. a3 Bxf3 20. gxf3 Nd5 21.
Be4 Rfd8 22. Rc2 c6 23. Qxd6 Rxd6 24. f4 Rb8 $11 25. Rfc1 Rb6 26. Rc5 f5 27.
Bxd5 exd5 28. Kf1 Rg6 29. R1c2 Kh7 30. b3 a5 31. a4 bxa4 32. bxa4 Ra6 33. Rb2
Rf6 34. Rb7 Kg6 35. Rc7 Re6 36. Ke2 Kf6 37. h4 h5 38. Rc1 g6 39. Rg1 Re8 40.
Rb1 Re7 41. Rc8 Ke6 42. Rbb8 Rea7 43. Kd3 Kf6 44. Re8 Re7 45. Rxe7 Kxe7 46.
Rb7+ Kf6 47. f3 Ke6 48. e4 fxe4+ 49. fxe4 dxe4+ 50. Kxe4 Kf6 51. Rb8 Ke6 52.
Re8+ Kf6 53. Re5 Ra8 54. Rc5 Ra6 55. Kd3 Ke6 56. Kc4 Ke7 57. Rg5 Kf6 58. Kc5
Kf7 59. f5 gxf5 60. Rxf5+ Kg6 61. Re5 1-0

[Event "SF Lieme 1 - Bielefelder SK 1"]
[Site "NRW-Klasse, Gruppe 1 2016/201"]
[Date "2016.09.25"]
[Round "1.8"]
[White "Stukenbrok, Nils"]
[Black "Danielmeier, Ralf"]
[Result "1/2-1/2"]
[WhiteElo "1957"]
[BlackElo "1951"]
[Annotator "Hausrath,Daniel"]
[PlyCount "84"]
[EventDate "2016.??.??"]
[WhiteTeam "SF Lieme 1"]
[BlackTeam "Bielefelder SK 1"]

1. d4 Nf6 2. c4 g6 3. g3 Bg7 4. Bg2 d5 5. cxd5 Nxd5 6. Nf3 Nc6 7. O-O Nb6 8. e3
e5 9. Nxe5 Nxe5 10. dxe5 Qxd1 11. Rxd1 Bxe5 12. Nd2 Bg7 13. Rb1 Bg4 14. f3 Be6
15. b3 Nd5 16. Ne4 O-O-O 17. Bd2 Bf5 18. Rbc1 Bb2 19. Rb1 Bg7 20. Rbc1 $11 Bb2
21. Rb1 Ba3 22. g4 Bxe4 23. fxe4 Nb4 24. Bc3 Rxd1+ 25. Rxd1 Rd8 26. Rxd8+ Kxd8
27. Bxb4 Bxb4 28. Kf2 Ke7 29. Ke2 Ke6 30. Kd3 Bc5 31. e5 c6 32. Ke4 g5 33. a4
b5 34. Kd3 bxa4 35. bxa4 Kd7 36. Be4 h6 37. Bf5+ $11 Ke7 38. Be4 Ke6 39. Bxc6
Kxe5 40. Be4 Bb6 41. h3 f6 42. Bg6 a5 1/2-1/2

[Event "Ratinger SK 1 - PSV Duisburg 1"]
[Site "NRW-Klasse, Gruppe 1 2016/201"]
[Date "2016.09.25"]
[Round "1.1"]
[White "Wengenroth, Walter"]
[Black "Preuschoff, Michael"]
[Result "1-0"]
[WhiteElo "2225"]
[BlackElo "2159"]
[PlyCount "83"]
[EventDate "2016.??.??"]
[WhiteTeam "PSV Duisburg 1"]
[BlackTeam "Ratinger SK 1"]

1. e4 e5 2. Nf3 Nc6 3. Bb5 a6 4. Ba4 Nf6 5. O-O Be7 6. Re1 b5 7. Bb3 d6 8. c3
O-O 9. h3 Re8 10. d4 Bf8 11. Nbd2 Bb7 12. d5 Nb8 13. Nf1 Nbd7 14. Ng3 Nc5 15.
Bc2 c6 16. b4 Na4 17. Bxa4 bxa4 18. c4 cxd5 19. cxd5 Qd7 20. Nh2 g6 21. Qf3 Be7
22. Bh6 Rec8 23. Rac1 a5 24. b5 Ne8 25. Rb1 Rc4 26. Ng4 Bd8 27. Qa3 Ng7 28. Ne3
Rb4 29. Qd3 Bb6 30. Nc4 Bc5 31. Be3 Qxb5 32. Nxe5 Qe8 33. Ng4 Qe7 34. Bxc5 dxc5
35. Qc3 Ra6 36. e5 Bxd5 37. Rbd1 Bxa2 38. Nf6+ Kh8 39. Qd2 Rd4 40. Qh6 Rxf6 41.
exf6 Qxf6 42. Re8+ 1-0

[Event "Ratinger SK 1 - PSV Duisburg 1"]
[Site "NRW-Klasse, Gruppe 1 2016/201"]
[Date "2016.09.25"]
[Round "1.2"]
[White "Welzel, Philipp"]
[Black "Heisel, Guido"]
[Result "1-0"]
[WhiteElo "2180"]
[BlackElo "2088"]
[PlyCount "28"]
[EventDate "2016.??.??"]
[WhiteTeam "Ratinger SK 1"]
[BlackTeam "PSV Duisburg 1"]

1. d4 c5 2. d5 f5 3. Nc3 Nf6 4. e4 fxe4 5. g4 d6 6. g5 Bg4 7. Bb5+ Nbd7 8. Be2
Bxe2 9. Qxe2 Ng8 10. Nh3 Qa5 11. Nf4 O-O-O 12. Ne6 Re8 13. Bd2 h6 14. Qh5 Rd8
1-0

[Event "Ratinger SK 1 - PSV Duisburg 1"]
[Site "NRW-Klasse, Gruppe 1 2016/201"]
[Date "2016.09.25"]
[Round "1.3"]
[White "Kretschmann, Thomas"]
[Black "Nent, Alexander"]
[Result "1-0"]
[WhiteElo "2104"]
[BlackElo "2099"]
[PlyCount "75"]
[EventDate "2016.??.??"]
[WhiteTeam "PSV Duisburg 1"]
[BlackTeam "Ratinger SK 1"]

1. e4 c5 2. c3 d5 3. exd5 Qxd5 4. d4 g6 5. Nf3 Bg7 6. Be2 cxd4 7. Nxd4 Nf6 8.
O-O O-O 9. Bf3 Qa5 10. Nd2 a6 11. Re1 Qc7 12. Qe2 Re8 13. Qc4 Qd7 14. Qb3 e5
15. Nc2 Qc7 16. Qc4 Nc6 17. Bxc6 bxc6 18. Qh4 c5 19. Nc4 Bb7 20. Bg5 Nd5 21.
N2e3 Nf4 22. Rad1 Re6 23. Bd8 g5 24. Qxf4 exf4 25. Bxc7 fxe3 26. Rxe3 Rxe3 27.
Nxe3 Bf6 28. Ng4 Kg7 29. Rd6 Re8 30. Rd1 h5 31. Ne3 Be4 32. Bb6 Rb8 33. Nc4 Be7
34. Rd7 Re8 35. f3 Bc6 36. Rc7 Bd5 37. Ne3 Bd6 38. Nf5+ 1-0

[Event "Ratinger SK 1 - PSV Duisburg 1"]
[Site "NRW-Klasse, Gruppe 1 2016/201"]
[Date "2016.09.25"]
[Round "1.4"]
[White "Graeber, Ralf"]
[Black "Sirringhaus, Wilfried"]
[Result "1-0"]
[WhiteElo "2117"]
[BlackElo "2104"]
[Annotator "Hausrath,Daniel"]
[PlyCount "83"]
[EventDate "2016.??.??"]
[WhiteTeam "Ratinger SK 1"]
[BlackTeam "PSV Duisburg 1"]

1. c4 Nf6 2. Nc3 g6 3. g3 Bg7 4. Bg2 c5 5. Nf3 O-O 6. O-O Nc6 7. d4 d6 8. d5
Na5 9. Qd3 a6 10. e4 b5 11. cxb5 axb5 12. Nxb5 Ba6 13. a4 Qb8 14. Ra3 $11 c4
15. Qc2 Bxb5 16. axb5 Nd7 17. Bd2 Qxb5 18. Rxa5 Rxa5 19. Bxa5 Qxa5 20. Qxc4
Bxb2 21. Rb1 Ne5 22. Qc2 Nxf3+ 23. Bxf3 Bd4 24. Kg2 Ra8 25. h4 Qc5 26. Rc1 Ra2
27. Qxa2 Qxc1 28. Qe2 Kg7 29. Kh2 Qa1 30. Kg2 Bc5 31. Kh2 Qd4 32. Kg2 h5 33.
Kg1 Qe5 34. Kg2 f6 35. Kh2 Kh6 36. Kg2 g5 37. hxg5+ Qxg5 38. Qd1 Kg7 39. Bxh5
Kh6 40. Bg4 Qe5 41. Bf5 Qb2 42. Qh1+ 1-0

[Event "Ratinger SK 1 - PSV Duisburg 1"]
[Site "NRW-Klasse, Gruppe 1 2016/201"]
[Date "2016.09.25"]
[Round "1.5"]
[White "Sponheim, Marko"]
[Black "Probst, Andreas"]
[Result "1/2-1/2"]
[WhiteElo "1989"]
[BlackElo "2111"]
[PlyCount "46"]
[EventDate "2016.??.??"]
[WhiteTeam "PSV Duisburg 1"]
[BlackTeam "Ratinger SK 1"]

1. e4 c5 2. Nf3 e6 3. d4 cxd4 4. Nxd4 a6 5. Bd3 Nf6 6. c4 Qc7 7. Nc3 b6 8. f4
d6 9. Qe2 Nbd7 10. O-O Bb7 11. Bd2 g6 12. Rac1 Be7 13. b4 O-O 14. f5 exf5 15.
Nd5 Qd8 16. Nxe7+ Qxe7 17. exf5 Qxe2 18. Bxe2 Ne4 19. Bh6 Rfe8 20. fxg6 hxg6
21. Bf4 Ne5 22. Nf3 a5 23. b5 Rac8 1/2-1/2

[Event "Ratinger SK 1 - PSV Duisburg 1"]
[Site "NRW-Klasse, Gruppe 1 2016/201"]
[Date "2016.09.25"]
[Round "1.6"]
[White "Liedtke, Dirk"]
[Black "Brueggemann, Josef"]
[Result "0-1"]
[WhiteElo "2102"]
[BlackElo "1945"]
[PlyCount "114"]
[EventDate "2016.??.??"]
[WhiteTeam "Ratinger SK 1"]
[BlackTeam "PSV Duisburg 1"]

1. c4 e5 2. g3 Nf6 3. Bg2 Nc6 4. Nc3 Bb4 5. Nd5 Bc5 6. d3 O-O 7. Nf3 Nxd5 8.
cxd5 Nd4 9. Nd2 d6 10. e3 Nf5 11. Nb3 Bb6 12. O-O Bd7 13. a4 a5 14. d4 Qe8 15.
Nd2 exd4 16. e4 Ne3 17. fxe3 dxe3 18. Kh1 exd2 19. Bxd2 Bd4 20. Ra2 Be5 21. Qc2
c6 22. Qb3 Qc8 23. Bc3 Bxc3 24. bxc3 Bh3 25. Bxh3 Qxh3 26. Raf2 Qd7 27. dxc6
bxc6 28. Qc4 Rac8 29. Rf5 Qe6 30. Qd3 Rb8 31. Rxa5 Rb2 32. Rh5 g6 33. Rh4 Ra2
34. Qe3 f5 35. Qd4 c5 36. Qd5 Qxd5 37. exd5 Re8 38. Kg1 Ree2 39. Rb1 h5 40. Kh1
Kg7 41. Rf1 Kh6 42. Kg1 g5 43. Rh3 g4 44. Rh4 Rxa4 45. Rxf5 Ra1+ 46. Rf1 Rxf1+
47. Kxf1 Re3 48. Kf2 Rxc3 49. h3 Kg5 50. hxg4 hxg4 51. Rh8 Kf5 52. Rh6 Ke5 53.
Rh5+ Ke4 54. Rg5 Rc2+ 55. Ke1 Ke3 56. Kd1 Rd2+ 57. Kc1 Rd4 0-1

[Event "Ratinger SK 1 - PSV Duisburg 1"]
[Site "NRW-Klasse, Gruppe 1 2016/201"]
[Date "2016.09.25"]
[Round "1.8"]
[White "Klengel, Michael"]
[Black "Hehlke, Oliver"]
[Result "1-0"]
[WhiteElo "2106"]
[BlackElo "1762"]
[PlyCount "63"]
[EventDate "2016.??.??"]
[WhiteTeam "Ratinger SK 1"]
[BlackTeam "PSV Duisburg 1"]

1. e4 c6 2. d4 d5 3. exd5 cxd5 4. Bd3 Nc6 5. c3 Nf6 6. Bf4 Bg4 7. Qb3 Qc8 8.
Nd2 e6 9. Ngf3 Be7 10. O-O O-O 11. Ne5 Bh5 12. Qc2 Bg6 13. Nxg6 hxg6 14. Nf3 a6
15. a4 Na5 16. Ne5 Nc4 17. Bg5 Nd6 18. Rfe1 b6 19. Re3 Ra7 20. Bxf6 Bxf6 21.
Qe2 Bxe5 22. Rxe5 a5 23. h4 Ne4 24. Bxe4 f6 25. Bxg6 fxe5 26. Qh5 Rd8 27. Qh7+
Kf8 28. Qh8+ Ke7 29. Qxg7+ Kd6 30. Qxa7 Qc6 31. dxe5+ Kc5 32. Qe7+ 1-0

[Event "Brühler SK 1 - SVG Plettenberg 1"]
[Site "NRW-Klasse, Gruppe 1 2016/201"]
[Date "2016.09.25"]
[Round "1.1"]
[White "Haub, Thorsten Michael"]
[Black "Loifenfeld, Jakov"]
[Result "0-1"]
[WhiteElo "2400"]
[BlackElo "2407"]
[PlyCount "84"]
[EventDate "2016.??.??"]
[WhiteTeam "SVG Plettenberg 1"]
[BlackTeam "Brühler SK 1"]

1. g3 e5 2. Bg2 d5 3. d3 Nf6 4. a3 Bd6 5. Nd2 O-O 6. e4 dxe4 7. dxe4 Nc6 8.
Ngf3 Qe7 9. O-O Rd8 10. h3 a5 11. Ne1 b6 12. Nd3 Ba6 13. Re1 Bc5 14. Bf1 Nd4
15. Nf3 Nd7 16. Nxd4 Bxd4 17. c3 Nc5 18. cxd4 Nxd3 19. Bxd3 Rxd4 20. Bd2 Rxd3
21. Qc2 Rad8 22. Bc3 h5 23. Rad1 h4 24. Rxd3 Rxd3 25. Rd1 Qd6 26. Rxd3 Bxd3 27.
Qa4 c6 28. g4 Qf6 29. Qd1 Bxe4 30. f4 Qxf4 31. Qd8+ Kh7 32. Qxh4+ Kg6 33. Qf2
Qc1+ 34. Qe1 Qc2 35. Qf2 Qd1+ 36. Qf1 Qd5 37. Kh2 f6 38. Kg3 Kf7 39. Qf2 Qd3+
40. Kh2 Ke6 41. h4 Qd1 42. Kg3 g6 0-1

[Event "Brühler SK 1 - SVG Plettenberg 1"]
[Site "NRW-Klasse, Gruppe 1 2016/201"]
[Date "2016.09.25"]
[Round "1.2"]
[White "Keller, Thomas"]
[Black "Bosch, Jeroen"]
[Result "0-1"]
[WhiteElo "2240"]
[BlackElo "2353"]
[Annotator "Hausrath,Daniel"]
[PlyCount "118"]
[EventDate "2016.??.??"]
[WhiteTeam "Brühler SK 1"]
[BlackTeam "SVG Plettenberg 1"]

1. e4 Nf6 2. e5 Nd5 3. d4 d6 4. Be2 dxe5 5. dxe5 Nc6 6. Nf3 Bg4 7. O-O e6 8. c4
Nb6 9. b3 Qxd1 10. Rxd1 Nd7 11. Bf4 h6 12. h3 Bf5 13. Bd3 Bxd3 14. Rxd3 g5 15.
Bh2 O-O-O 16. Nc3 Bg7 17. Re1 $11 Nb4 18. Rd2 Nc5 19. Red1 Rxd2 20. Rxd2 Rd8
21. Rxd8+ Kxd8 22. Kf1 Nc6 23. Ke2 Nd7 24. Ne4 Ndxe5 25. Nxe5 Bxe5 26. Bxe5
Nxe5 27. Nf6 Nd7 28. Ne4 Ke7 29. Ke3 f5 30. Nc3 c6 31. Ne2 Kf6 32. Nc1 Ne5 33.
g3 Nd7 34. Nd3 e5 35. g4 e4 36. Nc1 Ke5 37. gxf5 Kxf5 38. Ne2 Ke5 39. Nc3 Nf6
40. a3 h5 41. Ne2 $11 h4 42. f4+ exf3 43. Ng1 g4 44. hxg4 Nxg4+ 45. Kxf3 Kf5
46. Kg2 Ke4 47. Kh3 Ne5 48. Kxh4 Kd3 49. Kg5 Kc3 50. Kf5 Nd3 51. b4 Kxc4 52.
Ke6 Kb3 53. Kd6 Kxa3 54. Kc7 Nxb4 55. Kxb7 a5 56. Kb6 a4 57. Ka5 Kb3 58. Ne2 a3
59. Nc1+ Kc4 0-1

[Event "Brühler SK 1 - SVG Plettenberg 1"]
[Site "NRW-Klasse, Gruppe 1 2016/201"]
[Date "2016.09.25"]
[Round "1.3"]
[White "Klip, Hans"]
[Black "Schaefer, Juergen"]
[Result "1-0"]
[WhiteElo "2311"]
[BlackElo "2196"]
[PlyCount "93"]
[EventDate "2016.??.??"]
[WhiteTeam "SVG Plettenberg 1"]
[BlackTeam "Brühler SK 1"]

1. e4 d6 2. d4 Nf6 3. Nc3 g6 4. Be3 c6 5. h3 Nbd7 6. f4 e5 7. Qf3 b5 8. Bd3 Rb8
9. Nge2 b4 10. Nb1 exd4 11. Nxd4 Bb7 12. O-O c5 13. Nb3 c4 14. Bxc4 Bxe4 15.
Qe2 d5 16. Bd3 Bg7 17. Nd4 Rb7 18. Nd2 O-O 19. Qf2 Re8 20. N2b3 a5 21. Nc6 Qa8
22. Ncxa5 Rc7 23. a3 Bxg2 24. Kxg2 d4+ 25. Qf3 Qxf3+ 26. Rxf3 dxe3 27. axb4 Nd5
28. c3 e2 29. Re1 Ne3+ 30. Kg3 Nf6 31. Rxe2 Nh5+ 32. Kf2 Nd1+ 33. Ke1 Rxe2+ 34.
Bxe2 Nxc3 35. bxc3 Bxc3+ 36. Rxc3 Rxc3 37. Bxh5 gxh5 38. b5 Rxh3 39. b6 Re3+
40. Kf2 Re4 41. Kf3 Rb4 42. b7 h4 43. Nc5 h3 44. Kg3 Kg7 45. Nc6 h2 46. Kxh2
Rb2+ 47. Kg3 1-0

[Event "Brühler SK 1 - SVG Plettenberg 1"]
[Site "NRW-Klasse, Gruppe 1 2016/201"]
[Date "2016.09.25"]
[Round "1.4"]
[White "Schiffer, Stefan"]
[Black "De Schampheleire, Glen"]
[Result "0-1"]
[WhiteElo "2171"]
[BlackElo "2328"]
[PlyCount "70"]
[EventDate "2016.??.??"]
[WhiteTeam "Brühler SK 1"]
[BlackTeam "SVG Plettenberg 1"]

1. Nf3 Nf6 2. d4 e6 3. g3 c5 4. Bg2 cxd4 5. O-O d5 6. Nxd4 e5 7. Nf3 Nc6 8. b3
Bc5 9. Bb2 Qe7 10. a3 a5 11. Nc3 e4 12. Ng5 O-O 13. Na4 Ba7 14. Bxf6 gxf6 15.
Nh3 Rd8 16. Nf4 Qe5 17. b4 Bf5 18. b5 Ne7 19. b6 Bb8 20. c3 Bd6 21. e3 Rac8 22.
Qb3 Bd7 23. Ne2 h5 24. Nd4 h4 25. Rfd1 Kg7 26. Nb2 hxg3 27. hxg3 Rh8 28. c4 Qh5
29. Kf1 Bg4 30. cxd5 Bf3 31. Bxf3 exf3 32. Ke1 Be5 33. d6 Nf5 34. Nxf5+ Qxf5
35. Nc4 Bxa1 0-1

[Event "Brühler SK 1 - SVG Plettenberg 1"]
[Site "NRW-Klasse, Gruppe 1 2016/201"]
[Date "2016.09.25"]
[Round "1.5"]
[White "Schulze, Marc"]
[Black "Haskelman, Evgen"]
[Result "1/2-1/2"]
[WhiteElo "2179"]
[BlackElo "2170"]
[PlyCount "51"]
[EventDate "2016.??.??"]
[WhiteTeam "SVG Plettenberg 1"]
[BlackTeam "Brühler SK 1"]

1. d4 d5 2. Bf4 Nf6 3. Nf3 e6 4. e3 c5 5. c3 Qb6 6. Qb3 Be7 7. Na3 Bd7 8. Ne5
c4 9. Qxb6 axb6 10. Nxd7 Kxd7 11. Nc2 Nc6 12. Be2 Ne8 13. e4 dxe4 14. Bxc4 Nd6
15. Bxd6 Bxd6 16. d5 exd5 17. Bxd5 f5 18. Ne3 g6 19. O-O-O Kc7 20. Be6 Ne5 21.
Nd5+ Kc6 22. Nf4 g5 23. Ne2 Nd3+ 24. Rxd3 exd3 25. Nd4+ Kc7 26. Nb5+ 1/2-1/2

[Event "Brühler SK 1 - SVG Plettenberg 1"]
[Site "NRW-Klasse, Gruppe 1 2016/201"]
[Date "2016.09.25"]
[Round "1.6"]
[White "Peters, Alex"]
[Black "Bouaraba, Max"]
[Result "1/2-1/2"]
[WhiteElo "2207"]
[BlackElo "2185"]
[PlyCount "57"]
[EventDate "2016.??.??"]
[WhiteTeam "Brühler SK 1"]
[BlackTeam "SVG Plettenberg 1"]

1. Nf3 Nf6 2. b3 g6 3. Bb2 Bg7 4. e3 O-O 5. Be2 d6 6. O-O Nc6 7. d4 e5 8. c4
exd4 9. Nxd4 Bd7 10. Nxc6 bxc6 11. Bf3 a5 12. Nc3 h5 13. Qd2 Qe7 14. Rad1 Nh7
15. Ne4 Bxb2 16. Qxb2 Bg4 17. Bxg4 hxg4 18. Qd4 f5 19. Nc3 Nf6 20. Rfe1 Rae8
21. Re2 Rf7 22. Rde1 Nd7 23. Nb1 Ne5 24. Nd2 Rh7 25. f4 gxf3 26. Nxf3 Nxf3+ 27.
gxf3 Qg5+ 28. Rg2 Qh5 29. Qf6 1/2-1/2

[Event "Brühler SK 1 - SVG Plettenberg 1"]
[Site "NRW-Klasse, Gruppe 1 2016/201"]
[Date "2016.09.25"]
[Round "1.7"]
[White "Pieper, Dawid"]
[Black "Spilles, Matthias"]
[Result "1/2-1/2"]
[WhiteElo "2157"]
[BlackElo "2174"]
[PlyCount "51"]
[EventDate "2016.??.??"]
[WhiteTeam "SVG Plettenberg 1"]
[BlackTeam "Brühler SK 1"]

1. e4 e6 2. d3 d5 3. Qe2 Ne7 4. Nf3 c5 5. g3 Nbc6 6. Bg2 g6 7. O-O Bg7 8. c3
O-O 9. e5 Qc7 10. Re1 b5 11. h4 a5 12. h5 gxh5 13. Na3 Ba6 14. c4 b4 15. Nb5
Qd7 16. Be3 Nxe5 17. Nxe5 Bxe5 18. Bxc5 Bg7 19. Qxh5 Bxb5 20. cxb5 Rfc8 21.
Bxe7 Qxe7 22. Qxd5 Bxb2 23. Rab1 Bc3 24. Re4 exd5 25. Rxe7 Rd8 26. Rc7 1/2-1/2

[Event "Brühler SK 1 - SVG Plettenberg 1"]
[Site "NRW-Klasse, Gruppe 1 2016/201"]
[Date "2016.09.25"]
[Round "1.8"]
[White "Gramb, Marius"]
[Black "Richardt, Mike"]
[Result "1/2-1/2"]
[WhiteElo "2093"]
[BlackElo "2000"]
[PlyCount "24"]
[EventDate "2016.??.??"]
[WhiteTeam "Brühler SK 1"]
[BlackTeam "SVG Plettenberg 1"]

1. d4 d5 2. c4 Nc6 3. Nf3 Bg4 4. e3 e5 5. Be2 e4 6. Nfd2 Bxe2 7. Kxe2 f5 8. a3
Nf6 9. Nc3 Qd7 10. cxd5 Nxd5 11. Nxd5 Qxd5 12. Qb3 Qxb3 1/2-1/2

[Event "SK Münster 1 - SF Neuenkirchen 1"]
[Site "NRW-Klasse, Gruppe 1 2016/201"]
[Date "2016.09.25"]
[Round "1.1"]
[White "Wilde, Pierre"]
[Black "Muschik, Benedikt"]
[Result "1/2-1/2"]
[WhiteElo "2228"]
[BlackElo "2275"]
[PlyCount "22"]
[EventDate "2016.??.??"]
[WhiteTeam "SF Neuenkirchen 1"]
[BlackTeam "SK Münster 1"]

1. c4 g6 2. g3 Bg7 3. Bg2 e5 4. Nc3 Ne7 5. e4 d6 6. Nge2 c5 7. a3 Nbc6 8. Rb1
h5 9. h4 Bg4 10. f3 Be6 11. d3 O-O 1/2-1/2

[Event "SK Münster 1 - SF Neuenkirchen 1"]
[Site "NRW-Klasse, Gruppe 1 2016/201"]
[Date "2016.09.25"]
[Round "1.2"]
[White "Webb, Laurence"]
[Black "Buendgen, Achim"]
[Result "1-0"]
[WhiteElo "2247"]
[BlackElo "2161"]
[PlyCount "77"]
[EventDate "2016.??.??"]
[WhiteTeam "SK Münster 1"]
[BlackTeam "SF Neuenkirchen 1"]

1. d4 Nf6 2. c4 c5 3. d5 e6 4. Nc3 exd5 5. cxd5 d6 6. Nf3 g6 7. Bf4 a6 8. a4
Bg7 9. h3 O-O 10. e3 Ne8 11. Be2 Qe7 12. O-O Nd7 13. a5 Rb8 14. Nd2 f5 15. Nc4
Ne5 16. Bxe5 Bxe5 17. f4 Bxc3 18. bxc3 Bd7 19. Kh2 Bb5 20. Nb6 Bxe2 21. Qxe2
Nf6 22. Qd3 Rfe8 23. Nc4 Ne4 24. Rab1 Qh4 25. Rb6 Red8 26. Nd2 Re8 27. Nxe4
Rxe4 28. Rxd6 Qe7 29. Rb6 Rxe3 30. Qc4 Re4 31. Qb3 c4 32. Qb1 Rd8 33. Rxb7 Qd6
34. Qb6 Qxb6 35. axb6 Rxd5 36. Rc7 Rb5 37. b7 Re8 38. Rd1 a5 39. Rc8 1-0

[Event "SK Münster 1 - SF Neuenkirchen 1"]
[Site "NRW-Klasse, Gruppe 1 2016/201"]
[Date "2016.09.25"]
[Round "1.3"]
[White "Haves, Reinhard"]
[Black "Holtel, Jasper"]
[Result "1/2-1/2"]
[WhiteElo "2102"]
[BlackElo "2131"]
[Annotator "Hausrath,Daniel"]
[PlyCount "58"]
[EventDate "2016.??.??"]
[WhiteTeam "SF Neuenkirchen 1"]
[BlackTeam "SK Münster 1"]

1. d4 Nf6 2. Nf3 g6 3. g3 Bg7 4. Bg2 d5 5. c4 c6 6. O-O O-O 7. cxd5 cxd5 8. Nc3
Ne4 9. Qb3 Nc6 10. e3 Nxc3 11. Qxc3 Bf5 12. Bd2 Qb6 13. Rfc1 Rfc8 14. Qb3 Qxb3
15. axb3 e6 16. Bf1 Bf8 17. Bb5 a6 18. Bxc6 Rxc6 19. Rxc6 bxc6 20. b4 Bd6 21.
Ne5 Bxe5 22. dxe5 $11 Bd3 23. f3 Kg7 24. Kf2 g5 25. g4 Rh8 26. Rc1 Bb5 27. h4
h5 28. Rg1 hxg4 29. Rxg4 Rxh4 1/2-1/2

[Event "SK Münster 1 - SF Neuenkirchen 1"]
[Site "NRW-Klasse, Gruppe 1 2016/201"]
[Date "2016.09.25"]
[Round "1.4"]
[White "Wolter, Kai"]
[Black "Vos, Thomas"]
[Result "1-0"]
[WhiteElo "2224"]
[BlackElo "2180"]
[PlyCount "55"]
[EventDate "2016.??.??"]
[WhiteTeam "SK Münster 1"]
[BlackTeam "SF Neuenkirchen 1"]

1. e4 c6 2. d4 g6 3. Nc3 Bg7 4. Nf3 d5 5. h3 Nh6 6. Bf4 f6 7. exd5 cxd5 8. Nb5
Na6 9. c4 Nf7 10. Nc3 e5 11. Be3 e4 12. Nd2 Nc7 13. cxd5 f5 14. Qb3 O-O 15. g3
g5 16. O-O-O Nd6 17. f4 exf3 18. Nxf3 f4 19. gxf4 gxf4 20. Bf2 Bf5 21. Rg1 Kh8
22. Re1 Bf6 23. Ne5 Rc8 24. Bd3 Bh4 25. Bxf5 Nxf5 26. Bxh4 Nxh4 27. d6 Qxd6 28.
Qg8+ 1-0

[Event "SK Münster 1 - SF Neuenkirchen 1"]
[Site "NRW-Klasse, Gruppe 1 2016/201"]
[Date "2016.09.25"]
[Round "1.5"]
[White "Hachmeister, Dirk"]
[Black "Chilla, Jan Eric"]
[Result "1/2-1/2"]
[WhiteElo "2147"]
[BlackElo "2197"]
[PlyCount "50"]
[EventDate "2016.??.??"]
[WhiteTeam "SF Neuenkirchen 1"]
[BlackTeam "SK Münster 1"]

1. Nf3 Nf6 2. d4 e6 3. Bg5 c5 4. c3 b6 5. Nbd2 Bb7 6. e3 Be7 7. Bd3 cxd4 8.
cxd4 a6 9. O-O O-O 10. Bh4 d6 11. h3 Nbd7 12. Bg3 b5 13. Qe2 Qb6 14. Rfc1 Rfc8
15. Qd1 Bc6 16. Rc2 Qb7 17. Rac1 Nb6 18. Qe2 Ne4 19. Nxe4 Bxe4 20. Rxc8+ Rxc8
21. Rxc8+ Nxc8 22. Ne1 Bxd3 23. Qxd3 Qc6 24. Qc2 Qxc2 25. Nxc2 d5 1/2-1/2

[Event "SK Münster 1 - SF Neuenkirchen 1"]
[Site "NRW-Klasse, Gruppe 1 2016/201"]
[Date "2016.09.25"]
[Round "1.6"]
[White "Kamp, Christoph"]
[Black "Seegers, Hendrik"]
[Result "1-0"]
[WhiteElo "2179"]
[BlackElo "2132"]
[PlyCount "91"]
[EventDate "2016.??.??"]
[WhiteTeam "SK Münster 1"]
[BlackTeam "SF Neuenkirchen 1"]

1. d4 d5 2. c4 e6 3. Nf3 c6 4. e3 Nd7 5. Bd3 Ngf6 6. Nc3 Bd6 7. O-O O-O 8. e4
dxc4 9. Bxc4 e5 10. Bg5 Qe7 11. Re1 Re8 12. d5 Nb6 13. Bb3 h6 14. Bh4 Bg4 15.
h3 Bh5 16. g4 Bg6 17. Nd2 Rad8 18. Qf3 Bh7 19. Bxf6 gxf6 20. Nf1 Bb4 21. Ne3 a5
22. a3 Bxc3 23. bxc3 a4 24. Ba2 Kg7 25. Reb1 Qc5 26. Rb4 Rd6 27. Rd1 Red8 28.
c4 R8d7 29. Bb1 Rc7 30. Kg2 Kf8 31. Qe2 cxd5 32. exd5 Bxb1 33. Rdxb1 Nd7 34.
Rxa4 Ra6 35. Rxa6 bxa6 36. Qd2 Qd4 37. Qxd4 exd4 38. Nf5 d3 39. Rb3 Rxc4 40.
Rxd3 h5 41. gxh5 Ne5 42. Rd4 Rc3 43. d6 Ke8 44. h6 Kd7 45. Ne7 Rb3 46. Rb4 1-0

[Event "SK Münster 1 - SF Neuenkirchen 1"]
[Site "NRW-Klasse, Gruppe 1 2016/201"]
[Date "2016.09.25"]
[Round "1.8"]
[White "Rott, Georg"]
[Black "Beckmann, Klaus"]
[Result "1/2-1/2"]
[WhiteElo "2066"]
[BlackElo "2083"]
[PlyCount "116"]
[EventDate "2016.??.??"]
[WhiteTeam "SK Münster 1"]
[BlackTeam "SF Neuenkirchen 1"]

1. e4 e5 2. Nf3 d5 3. exd5 e4 4. Qe2 Nf6 5. Nc3 Be7 6. Nxe4 O-O 7. d3 Nxd5 8.
Qd1 f5 9. Ng3 Kh8 10. Be2 c5 11. O-O Nc6 12. d4 cxd4 13. Nxd4 Nxd4 14. Qxd4 Bf6
15. Qd2 Be6 16. Bf3 Nb6 17. Qxd8 Raxd8 18. Nh5 Bd5 19. Bxd5 Rxd5 20. Nxf6 Rxf6
21. b3 Kg8 22. c4 Rd7 23. g3 Kf7 24. Be3 Nc8 25. Rfd1 Rfd6 26. Rxd6 Rxd6 27.
Kf1 a6 28. Ke2 g6 29. b4 Ne7 30. a4 Nc6 31. b5 Nd4+ 32. Bxd4 Rxd4 33. Rc1 axb5
34. axb5 Ke6 35. c5 Re4+ 36. Kf3 Kd7 37. c6+ bxc6 38. Rxc6 Rb4 39. Rb6 Kc7 40.
Rf6 Rxb5 41. Rf7+ Kd6 42. Rxh7 Ke6 43. h4 Kf6 44. Rh8 Rb3+ 45. Kg2 Rb2 46. Ra8
Rc2 47. Ra6+ Kg7 48. Kf3 Rc3+ 49. Ke2 Rb3 50. f3 Rc3 51. Rd6 Ra3 52. Rd3 Ra4
53. Ke3 Ra6 54. Rd4 Kf6 55. Kf4 Rb6 56. Ra4 Rc6 57. g4 fxg4 58. Kxg4 Rc5
1/2-1/2